000 00656nam a2200229Ia 4500
005 20250326144459.0
008 250326s9999 xx 000 0 und d
020 _a0-618-51983-1
037 _aTextbook
040 _aFMSL
_beng
_cFMSL
041 _aeng
_2eng
084 _aX:8.1 P6;2
_qFMSL
100 _aMcfarlin D B
_9748260
245 0 _aInternational management : strategic opportunities and cultures challenges
_cMcfarlin D B; Sweeney P D
250 _a3
260 _aNY
_bNY, Houghton Mifflin
_c2006
300 _axxiii,531
365 _b6366
650 _aManagement
942 _cTB
_hX:8.1 P6;2
999 _c1303862
_d1303862